000 00574nam a22002057a 4500
999 _c2765
_d2765
003 AR-CdUCM
008 190305b ||||| |||| 00| 0 spa d
040 _aMUNICIPALIDAD PROVINCIAL DEL CUSCO
_cBIBLIOTECA MUNICIPAL DEL CUSCO
041 _heng
082 _a860 /
_bR54
100 _aRichmond, Angus
_99641
245 _aUna Vida /
260 _aCuba :
_bCasa de Las Américas ;
_c1979.
300 _a190 páginas ;
_c19cm
505 _aNovela
650 _aLiteratura
_9416
700 _aDíaz Godoy, Mario (traducción)
_99642
942 _2ddc
_cLIBROS
945 _anom